Jugend und schule zwischen reform und restauration.

Guardado en:
Bibliografiske detaljer
Hovedforfatter: Roth, Heinrich (autor)
Format: Bog
Sprog:German
Fag:
Tags: Tilføj Tag
Ingen Tags, Vær først til at tagge denne postø!

MARC

LEADER 00000cam^a2200000uu^4500
001 000484742
005 20250521000000.0
008 031308s1961^^^^^^^^^^^^rd^r^^000^0^ger^d
009 20260310125142.489
035 |a FCE 000027808 
035 |a FCE 023395 
037 |a Acervo ITESO - Biblioteca 
041 |a ALE 
082 0 4 |a 379.154  |b ROTj 
100 |a Roth, Heinrich  |e (autor) 
245 1 0 |a Jugend und schule zwischen reform und restauration. 
264 |a Hannover :  |b Hermann Schroedel Verlag,  |c 1961. 
300 |a 278 p. 
336 |a texto  |b txt  |2 rdacontenido 
337 |a sin mediación  |b n  |2 rdamedio 
338 |a volumen  |b nc  |2 rdasoporte 
649 |a XX 
650 |a Reforma de la educación 
650 |a Adolescente 
650 |a Pedagogía 
650 |a Alemania 
910 |a Fondo Centro de Estudios Educativos 
920 |a Impresos - Libros 
930 |a Fondos Especiales 
905 |a 133 
901 |a ALE023395  |b IT2  |c CEE  |u 20250521 
902 |a https://opac.biblio.iteso.mx/vufind/Record/000484742